| 000 | 00493nam a22001457a 4500 | ||
|---|---|---|---|
| 003 | OSt | ||
| 005 | 20251210065905.0 | ||
| 008 | 251210b |||||||| |||| 00| 0 eng d | ||
| 040 |
_aDWCL - Main _cOC |
||
| 082 | _aFil. 059.9 T227 2001 | ||
| 245 |
_aTo islands far away : _bthe story of the Thomasites and their journey to the Philippines / |
||
| 260 |
_aManila, Philippines: _bPublic Affairs Section, U. S. Embassy, _cc2001. |
||
| 300 |
_axii, 76 p.: _bill. ; _c25 cm. |
||
| 942 |
_2ddc _cBK - FIL _n0 |
||
| 999 |
_c7026 _d7026 |
||